Beneficios que se contienen en las disposiciones fiscales (Registro nro. 166194)

Detalles MARC
000 -LEADER
fixed length control field 02466nam a22003017a 4500
007 - PHYSICAL DESCRIPTION FIXED FIELD--GENERAL INFORMATION
fixed length control field cr|||| ||||
008 - FIXED-LENGTH DATA ELEMENTS--GENERAL INFORMATION
fixed length control field 180515s2018 mx |||||s|||| 00||0 spa d
020 ## - INTERNATIONAL STANDARD BOOK NUMBER
International Standard Book Number 978-607-629-192-4
035 ## -
-- 21682
040 ## - CATALOGING SOURCE
Original cataloging agency vLex
090 ## -
-- 7957
-- 7957
100 1# - MAIN ENTRY--PERSONAL NAME
Personal name Campero Guerrero, Eladio
245 10 - TITLE STATEMENT
Title Beneficios que se contienen en las disposiciones fiscales
Medium [Recurso electrónico] :
Remainder of title Análisis práctico 2018 /
Statement of responsibility, etc Eladio Campero Guerrero, José Pérez Chávez, Raymundo Fol Olguín
256 ## -
-- Servicio en línea
260 ## - PUBLICATION, DISTRIBUTION, ETC. (IMPRINT)
Place of publication, distribution, etc Ciudad de México:
Name of publisher, distributor, etc Tax Editores,
Date of publication, distribution, etc 2018
300 ## - PHYSICAL DESCRIPTION
Extent 1 recurso electrónico
500 ## - GENERAL NOTE
General note Actualmente existe una amplia gama de beneficios dirigidos a los contribuyentes de impuestos cuya finalidad es el cumplimiento de las obligaciones fiscales. Estos estímulos se encuentran dispersos en leyes y decretos en materia tributaria que, ya sea por desconocimiento o por la complejidad que presenta su aplicación, no son considerados por dichos contribuyentes. Por lo anterior, hemos recopilado en un solo ejemplar los principales beneficios fiscales que tanto las personas físicas como las morales pueden aplicar en el transcurso de sus actividades y así, con el conocimiento de los mismos, aminorar su carga tributaria. Además, presentamos el beneficio correspondiente, ilustrado mediante casos prácticos para una mejor comprensión. Las principales disposiciones fiscales que se analizan en esta obra son: • Leyes de los Impuestos sobre la Renta y al Valor Agregado. • Ley de Ingresos de la Federación (vigente). • Código Fiscal de la Federación. • Resolución Miscelánea Fiscal (vigente). • Resolución de Facilidades Administrativas (vigente). • Diversos decretos.
506 1# - RESTRICTIONS ON ACCESS NOTE
Terms governing access Disponible solo en los productos indicados
Authorized users vLex Global
-- vLex Global (Academic Edition, excluding Law Schools)
-- vLex Global (U.S. Academic Edition, Law Schools)
-- vLex Global (U.S. Academic Edition, excluding Law Schools)
-- vLex Global (Academic Edition, Law Schools)
650 04 - SUBJECT ADDED ENTRY--TOPICAL TERM
Topical term or geographic name as entry element Derecho Mercantil y de la Empresa
Geographic subdivision México
650 04 - SUBJECT ADDED ENTRY--TOPICAL TERM
Topical term or geographic name as entry element Derecho Fiscal
Geographic subdivision México
650 04 - SUBJECT ADDED ENTRY--TOPICAL TERM
Topical term or geographic name as entry element Derecho Laboral y Seguridad Social
Geographic subdivision México
700 1# - ADDED ENTRY--PERSONAL NAME
Personal name Pérez Chávez, José
700 1# - ADDED ENTRY--PERSONAL NAME
Personal name Fol Olguín, Raymundo
740 0# -
-- vLex Libros (Servicio en línea)
856 40 - LOCALIZACIÓN Y ACCESO ELECTRÓNICO
Identificador Uniforme del Recurso (URI/URL) https://app.vlex.com/#/sources/beneficios-que-se-contienen-en-las-disposiciones-fiscales-analisis-practico-2018-21682
942 ## -
-- RAA
999 ## -
-- 166194
-- 166194

No hay ítems disponibles.


CONTACTO


NOSOTROS


SITIOS DE INTERES

coordinacion.biblioteca.biblioteca@unienlinea.mx Misión, Visión y Objetivos Bases de datos
Directorio Bibliotecas Digitales y Repositorios
Normatividad Revistas y artículos
Convenios interbibliotecarios
Boletines



Hecho en México. Universidad Insurgentes (UIN). Todos los derechos reservados 2024. Esta página y sus contenidos pueden ser reproducidos con fines no lucrativos, siempre y cuando no se mutile, se cite la fuente completa y su dirección electrónicas. De otra forma requiere permiso previo por escrito de la institución




2024 Copyright Universidad Insurgentes | www.bibliouin.com.mx